| 000 | 02496nam0a2200409 i 4500 | ||
|---|---|---|---|
| 001 | RU\NLR\bibl\2070888 | ||
| 005 | 20260408105732.0 | ||
| 010 |
_a9785979305776 _9100 |
||
| 021 |
_aRU _b2013-61366 _94211 |
||
| 035 | _a(nilc)RuMoRGB-006625703 | ||
| 035 | _a(NLR Aleph) 002057202 | ||
| 090 |
_a4669583 _c4669583 |
||
| 100 | _a20130805d2013 k y0rusy50 ca | ||
| 101 | 0 |
_arus _deng |
|
| 102 | _aRU | ||
| 105 | _ay zzzz||||| | ||
| 200 | 1 |
_aКультурное наследие и традиционные знания коренных народов как уникальные экосистемы мира: защита и развитие (на примере Алтае-Саянского региона) _eматериалы научно-практической конференции, посвященной памяти ламы-гелонга Данзан-Хайбзуна Самаева III Самаевские чтения |
|
| 210 |
_aУлан-Удэ _cИзд-во БГУ _d2013 |
||
| 215 |
_a195 с., [4] л. цв. фотографий _cтабл. _d25 |
||
| 300 | _aВ надзаг.: Администрация муниципального образования "Окинский р-н", Централизованная религиозная буддийская орг. "Майдар", Региональный общественный фонд им. Данзан-Хайбзуна Самаева, Бурятский гос. ун-т | ||
| 300 | _aРез. на англ. яз. | ||
| 320 | _aБиблиогр. в конце докл. | ||
| 606 | 1 |
_aРелигия _yБайкальский регион _z20 - 21 вв. _92439781 _3RU\NLR\auth\661451523 |
|
| 607 |
_aБайкальский регион _jСборники _xИсторико-этнографические исследования _92095403 _3RU\NLR\auth\661571409 |
||
| 686 | _aЭ239(2Р547)74 | ||
| 686 | _aТ3(2Р547)я43 | ||
| 702 | 1 |
_aСамаев _bД. -Х. _f1954-2005 _gДанзан-Хайбзун _4570 |
|
| 711 | 1 | 2 |
_aСамаевские чтения _d3 _f2011 _eс. Орлик, Республика Бурятия _3RU\NLR\AUTH\8810245928 _9377711 |
| 801 | 0 |
_aRU _bRuMoRKP _c20130805 _gRCR |
|
| 801 | 2 |
_aRU _bРГБ _c20130823 _grcr |
|
| 801 | 1 |
_aRU _bRuMoRKP _c20130805 _2rusmarc |
|
| 801 | 2 |
_aRU _bNLR _c20130911 _grcr |
|
| 942 | _cBOOK | ||
| 980 | _aNBR | ||